000 00491 a2200169 4500
001 001265
003 OSt
005 20211022122546.0
008
082 _a823.914
_bR89F
100 1 _aRushdie, Salman
245 1 _aFury: a novel
_cby Salman Rushdie
260 _aLondon
_bVintage
_c2002
300 _a259p.
690 _aNew York (State)--New York; Middle-aged men; British; College teachers; United States; Anger; Manners and customs
942 _2ddc
_cBK
999 _c29
_d29